00492nam a2200169Ia 450000500170000000800410001708200130005810000270007124500250009826000460012330000120016965000130018165000150019494200060020995200940021599900130030920240724024745.0240331s9999 xx 000 0 und d a291bVON aVon Glasenapp, Helmuth 0aVedanta and Buddhism aKandybBuddhist Publication Societyc1978 a12 p ., aBuddhism aPhilosophy cL 001040708LaWERCLbWERCLcSSCd2024-03-31l0o 291 VONp414r2024-03-31w2024-03-31yL c854d854